000 00454nam a2200169Ia 4500
008 240729s9999 xx 000 0 und d
022 _a2509-9523
245 0 _aSoil Organisms
260 _aGermany
260 _bSenckenberg Gesellschaft für Naturforschung
650 _a Microbiology | Science
650 _a Zoology
650 _aScience
856 _uhttps://doaj.org/toc/f5307ae89c704e8fbaf5394c0b8963c0
942 _2ddc
942 _cDOAJEJ
999 _c70910
_d70910
945 _a1
_bMadushi Gamage
_c1
_dMadushi Gamage